000 00274nam a2200097Ia 4500
001 1300563
005 20260420095906.0
008 260420s9999 xx 000 0 und d
245 0 _aGÖKYÜZÜNDE DOĞADAN İLHAM ALAN TASARIMLAR
_cHARRIET EVANS
260 _bTÜBİTAK YAYINLARI
999 _c1300563
_d1300563